Subways and Light Rail in Canada - Sudden Death - Statistics

General Stats
  • This quiz has been taken 108 times
    107 since last reset
  • The average score is 8 of 15
Answers on the Grid
Answers color-coded by a green-red scale on the quiz's grid according to % correct below.
Laval
Longueuil
Toronto
Montreal
Vancouver
Ottawa
Edmonton
Calgary
Kitchener
Saskatoon
Halifax
Vaughan
Waterloo
Quebec City
Regina
Winnipeg
Moncton
Victoria
Surrey
Richmond
Burnaby
New Westminster
Kingston
Trois-Rivières
Fredericton
London
 
Answer Stats
Answer % Correct
Toronto
81%
Calgary
78%
Montreal
78%
Vancouver
74%
Edmonton
72%
Ottawa
70%
Waterloo
46%
Laval
44%
Burnaby
43%
Surrey
43%
Kitchener
41%
Richmond
41%
Vaughan
41%
Longueuil
39%
New Westminster
39%
No matching quizzes found
Score Distribution
Percent of People with Each Score
Percentile by Number Answered
Your Score History
You have not taken this quiz since the last reset